| 000 | 01511nam0a2200301 i 4500 | ||
|---|---|---|---|
| 001 | RU\NLR\bibl\1882868 | ||
| 005 | 20260405150747.0 | ||
| 010 |
_a9785903257805 _9100 |
||
| 021 |
_aRU _b2012-16063 _91209 |
||
| 035 | _a(NLR Aleph) 001872621 | ||
| 090 |
_a2682123 _c2682123 |
||
| 100 | _a20120321d2011 u y0rusy50 ca | ||
| 101 | 0 | _arus | |
| 102 | _aRU | ||
| 105 | _aa ||||||||| | ||
| 200 | 1 |
_aТеория бухгалтерского учета _eучебное пособие _fПроданова Н.А., Басюк С.П. _gМ-во сел. хоз-ва Рос. Федерации, Федер. гос. бюджет. образоват. учреждение доп. проф. образования "Рост. ин-т повышения квалификации кадров агропром. комплекса" |
|
| 210 |
_aРостов-на-Дону _cИзд-во РСЭИ _d2011 |
||
| 215 |
_a368, [1] c. _cсхем. _d21 |
||
| 320 | _aБиблиогр.: с. 310-313 | ||
| 606 | 1 |
_aБухгалтерский учет _jУчебные издания для высших учебных заведений _xТеория _yРоссийская Федерация _92099027 _3RU\NLR\auth\661269707 |
|
| 686 | _aУ052.9(2)2я73 | ||
| 700 | 1 |
_4070 _7ca _8rus _aПроданова _bН. А. _gНаталья Алексеевна _944950 _3RU\NLR\auth\7762020 |
|
| 701 | 1 |
_aБасюк _bС. П. _4070 |
|
| 801 | 0 |
_aRU _bNLR _c20120321 _gRCR |
|
| 801 | 1 |
_aRU _bNLR _c20120321 |
|
| 942 | _cBOOK | ||
| 980 | _aNBR | ||